[Event "Windsor NAYCC U14"]
[Site "Windsor"]
[Date "2016.08.10"]
[Round "6.71"]
[White "Le, Collin Khoi"]
[Black "Surya, Benito"]
[Result "0-1"]
[WhiteElo "1540"]
[BlackElo "1814"]
[PlyCount "86"]
[EventDate "2016.08.07"]
[EventType "swiss"]
[EventRounds "9"]
[EventCountry "CAN"]
[SourceTitle "EXT 2022"]
[Source "ChessBase"]
[SourceDate "2021.10.06"]
[SourceVersion "1"]
[SourceVersionDate "2021.10.06"]
[SourceQuality "1"]

1. e4 d5 2. exd5 Qxd5 3. Nc3 Qa5 4. d4 Nf6 5. Nf3 Bg4 6. h3 Bh5 7. Bd2 c6 8. Ne2 Qd8 9. g4 Bg6 10. Ne5 Nbd7 11. Nxg6 hxg6 12. Ng3 Nb6 13. c3 Qd5 14. Rg1 0-0-0 15. Qc2 e5 16. Bg2 Qe6 17. dxe5 Qxe5+ 18. Ne4 Nxe4 19. Bxe4 f5 20. gxf5 gxf5 21. Rg5 Qxe4+ 22. Qxe4 fxe4 23. 0-0-0 Rxh3 24. Re1 Rhd3 25. Bf4 Nd5 26. Be5 e3 27. fxe3 Nxe3 28. Bd4 Nc4 29. Rg2 c5 30. Bg1 Bd6 31. Kc2 Bf4 32. Kb3 Nd2+ 33. Ka3 Nc4+ 34. Kb3 Nd2+ 35. Ka3 g5 36. Bxc5 b6 37. Be7 Rg8 38. Re6 Kd7 39. Rf6 Kxe7 40. Rxf4 gxf4 41. Rxg8 f3 42. Rg3 f2 43. Rxd3 Nb1+ 0-1

[Event "Windsor NAYCC U14"]
[Site "Windsor"]
[Date "2016.08.09"]
[Round "5.68"]
[White "Pulfer, Luke"]
[Black "Le, Collin Khoi"]
[Result "1-0"]
[WhiteElo "1868"]
[BlackElo "1540"]
[PlyCount "77"]
[EventDate "2016.08.07"]
[EventType "swiss"]
[EventRounds "9"]
[EventCountry "CAN"]
[SourceTitle "EXT 2022"]
[Source "ChessBase"]
[SourceDate "2021.10.06"]
[SourceVersion "1"]
[SourceVersionDate "2021.10.06"]
[SourceQuality "1"]

1. d4 Nf6 2. c4 e5 3. dxe5 Ng4 4. Bf4 Nc6 5. Nf3 Bb4+ 6. Nc3 Qe7 7. Qd5 Bxc3+ 8. bxc3 f6 9. exf6 Nxf6 10. Qd3 d6 11. e3 0-0 12. Be2 h6 13. h3 Ne4 14. 0-0 Nc5 15. Qg6 Bf5 16. Qh5 Ne4 17. Nh4 Nxc3 18. Nxf5 Nxe2+ 19. Kh1 Qe8 20. Nxh6+ gxh6 21. Qxh6 Nxf4 22. exf4 Rf7 23. Rab1 Rg7 24. Rfe1 Qd7 25. Rxb7 Nd4 26. Reb1 Qe8 27. Qf6 Nc6 28. Qf5 Kh8 29. Kh2 Qg8 30. Qe4 Na5 31. R7b5 Qxc4 32. Rh5+ Kg8 33. Qxa8+ Kf7 34. Rxa5 Qxf4+ 35. Kh1 Rg8 36. Qd5+ Kf8 37. Rb8+ Ke7 38. Rxg8 a6 39. Rg7+ 1-0

[Event "Windsor NAYCC U14"]
[Site "Windsor"]
[Date "2016.08.08"]
[Round "3.64"]
[White "Liu, Zhanhe"]
[Black "Le, Collin Khoi"]
[Result "0-1"]
[WhiteElo "1827"]
[BlackElo "1540"]
[PlyCount "64"]
[EventDate "2016.08.07"]
[EventType "swiss"]
[EventRounds "9"]
[EventCountry "CAN"]
[SourceTitle "EXT 2022"]
[Source "ChessBase"]
[SourceDate "2021.10.06"]
[SourceVersion "1"]
[SourceVersionDate "2021.10.06"]
[SourceQuality "1"]

1. e4 c5 2. Nf3 d6 3. d4 cxd4 4. Nxd4 Nf6 5. Nc3 g6 6. Be3 Bg7 7. f3 0-0 8. Qd2 Nc6 9. 0-0-0 d5 10. Kb1 e6 11. g4 Na5 12. g5 Nh5 13. exd5 exd5 14. b3 Nc6 15. Nce2 Re8 16. Nxc6 bxc6 17. Ng3 Nxg3 18. hxg3 a5 19. Bc5 a4 20. Qh2 h5 21. gxh6 Bf6 22. Bd3 Qa5 23. b4 Rb8 24. Kc1 Rxb4 25. Bxb4 Qxb4 26. h7+ Kh8 27. c3 Bxc3 28. Rdg1 Re3 29. Qc2 Rxd3 30. Qe2 Bd2+ 31. Kc2 Qc4+ 32. Kb1 Rb3+ 0-1